|
|
|
|
| LEADER |
00000cas a2200000 a 4500 |
| 003 |
Ucuenca |
| 005 |
20230308225028.0 |
| 008 |
015031|2017 ec |||||r|||||||||||spa|| |
| 040 |
|
|
|b spa
|
| 041 |
0 |
|
|a spa
|
| 082 |
0 |
|
|a 050
|b T368a
|
| 245 |
|
0 |
|a Avance
|c Rolando Tello Espinoza, director
|h imp
|
| 264 |
|
|
|a Cuenca
|b Gráficas Hernandez
|c Mayo 2017
|
| 300 |
|
|
|a 34 páginas:
|b ilu
|c 21 cm
|
| 362 |
|
|
|a no. 306 (mayo 2017)
|
| 650 |
1 |
|
|a Revista avance
|9 174979
|
| 650 |
|
0 |
|a Corrupción
|9 40051
|
| 650 |
|
0 |
|a Cordero jaramillo leoncio
|9 199156
|
| 650 |
|
0 |
|a Tranvia
|9 119196
|
| 700 |
1 |
|
|a Tello Espinoza, Rolando.
|9 238444
|
| 852 |
|
|
|a UC-CDJBV
|f Donación
|l 1
|m General
|p 20150317
|q 1,00
|r 2
|t si10048
|b 0
|d CDRC
|e CDRC
|g 050 T368a TERCER PISO (SECCION REVISTAS)
|z 2015-50-31
|
| 856 |
|
|
|a http://sibuc.ucuenca.edu.ec/portada/si10048.jpg
|
| 942 |
|
|
|c SER
|z lucia.mora@ucuenca.edu.ec
|
| 999 |
|
|
|c 151178
|d 151178
|